000 00441nam a2200181Ia 4500
001 13581
005 20260306164811.0
008 260306t2007||||xx |||||||||||||| ||spa||
041 _aESP
082 _a004.68
_bM86
100 _aMorville, Peter
_eAUT
245 0 _ainformation architecture for the world wide web
260 _c2007
300 _a504 páginas :
_c23 cm.
650 _aGEN
654 _aCCC
942 _cLIB
_dJUS
_fJUS
_2ddc
_n
999 _c13581
_d13581